[Event "CZECH OPEN 2011 "]
[Site "Pardubice (CZE)"]
[Date "2011.07.30"]
[Round "9.13"]
[White "Levin, Evgeny A"]
[Black "Panchanathan, Magesh Chandran"]
[Result "0-1"]
[WhiteElo "2465"]
[BlackElo "2556"]
[PlyCount "182"]
[EventDate "2011.07.22"]

1. d4 Nf6 2. c4 e6 3. Nf3 b6 4. Bf4 Bb7 5. e3 Be7 6. h3 c5 7. Nc3 cxd4 8. Nxd4
a6 9. Be2 O-O 10. O-O d6 11. Bg3 Nbd7 12. Bf3 Qc7 13. Rc1 Rac8 14. b3 Rfd8 15.
Qe2 Qb8 16. Rfd1 Nc5 17. Bh4 Kf8 18. Rc2 h6 19. Rcc1 Qa8 20. Qb2 Kg8 21. Qe2
Ncd7 22. Bg3 Ne5 23. Bxb7 Qxb7 24. Bh4 Rd7 25. Qb2 Ng6 26. Bxf6 Bxf6 27. Qb1
Rdc7 28. Nxe6 fxe6 29. Qxg6 d5 30. Ne2 dxc4 31. bxc4 Rc5 32. Nf4 b5 33. Nh5 Qf7
34. Nxf6+ Qxf6 35. Qxf6 gxf6 36. Rd6 Rxc4 37. Rxc4 bxc4 38. Kf1 c3 39. Rd1 e5
40. f3 f5 41. Rc1 Kg7 42. Ke2 e4 43. fxe4 fxe4 44. Kd1 Rd8+ 45. Kc2 Rd3 46. Kb3
c2+ 47. Kxc2 Rxe3 48. Kd2 Ra3 49. Rc4 Rxa2+ 50. Ke3 Rxg2 51. Kxe4 Re2+ 52. Kf5
Re7 53. Ra4 Rf7+ 54. Kg4 Rf6 55. Ra3 Kf7 56. h4 Ke7 57. Rb3 Kd7 58. Ra3 Kc7 59.
Ra1 Kb6 60. Rb1+ Kc5 61. Rc1+ Kb4 62. Rb1+ Kc3 63. Ra1 Kb3 64. Kh5 Kb4 65. Rb1+
Kc5 66. Rc1+ Kb6 67. Rb1+ Ka7 68. Ra1 Rd6 69. Kg4 Rd5 70. Kf4 a5 71. Kg4 Ka6
72. h5 Rg5+ 73. Kh4 Rf5 74. Kg4 Rf6 75. Kh4 Kb6 76. Rb1+ Ka7 77. Ra1 Ka6 78.
Kh3 Rf4 79. Kg3 Rc4 80. Rb1 a4 81. Rb8 Rc7 82. Kf4 a3 83. Rb3 Rc4+ 84. Kf5 Ra4
85. Rxa3 Rxa3 86. Kg6 Kb6 87. Kxh6 Kc6 88. Kg7 Rg3+ 89. Kh7 Kd6 90. h6 Ke6 91.
Kh8 Kf6 0-1

[Event "CZECH OPEN 2011 "]
[Site "Pardubice (CZE)"]
[Date "2011.07.30"]
[Round "9.14"]
[White "Rozum, Ivan"]
[Black "Friedel, Joshua E"]
[Result "1-0"]
[WhiteElo "2464"]
[BlackElo "2531"]
[PlyCount "91"]
[EventDate "2011.07.22"]

1. Nf3 Nf6 2. c4 e6 3. Nc3 d5 4. d4 Bb4 5. cxd5 exd5 6. Qa4+ Nc6 7. Bg5 h6 8.
Bxf6 Qxf6 9. e3 O-O 10. Be2 Be6 11. O-O a6 12. a3 Bd6 13. b4 Ne7 14. Qb3 c6 15.
Na4 Rae8 16. Nc5 Bc8 17. Rfc1 g5 18. Qd1 Nf5 19. Nd2 Re7 20. Nf1 Rfe8 21. Bg4
Ng7 22. Bxc8 Rxc8 23. a4 Nf5 24. b5 axb5 25. axb5 Bxc5 26. Rxc5 Nd6 27. bxc6
Ne4 28. cxb7 Qxf2+ 29. Kh1 Rf8 30. Qb3 Nxc5 31. dxc5 Rb8 32. c6 Qf6 33. Rc1 Qd6
34. Qc3 Rc7 35. Ng3 d4 36. exd4 Rbxb7 37. d5 Qb4 38. Qf6 Qb2 39. Qd8+ Kh7 40.
Rf1 Ra7 41. Nh5 Re7 42. Rg1 Qd4 43. d6 Re2 44. Qf6 Qxf6 45. Nxf6+ Kg6 46. c7
1-0

[Event "CZECH OPEN 2011 "]
[Site "Pardubice (CZE)"]
[Date "2011.07.30"]
[Round "9.15"]
[White "Kovalev, Andrei"]
[Black "Rojicek, Vojtech"]
[Result "1-0"]
[WhiteElo "2531"]
[BlackElo "2396"]
[PlyCount "67"]
[EventDate "2011.07.22"]

1. e4 c5 2. Nf3 e6 3. d4 cxd4 4. Nxd4 Nf6 5. Nc3 d6 6. f4 Be7 7. Qf3 Nc6 8. Be3
e5 9. Nxc6 bxc6 10. fxe5 dxe5 11. Bc4 O-O 12. O-O Ng4 13. Rad1 Qa5 14. Kh1 Nxe3
15. Bxf7+ Kh8 16. Qxe3 Ba6 17. Rf5 Bc8 18. Rff1 Ba6 19. Rf3 Rad8 20. Rxd8 Rxd8
21. Bb3 Qb6 22. Qe1 Bf6 23. h4 Bc8 24. Qg3 Qd4 25. Rd3 Qb6 26. h5 Rxd3 27. cxd3
Qd8 28. Bd1 Ba6 29. Be2 Qb6 30. Nd1 Qa5 31. Kh2 Qxa2 32. Qf2 Qf7 33. Ne3 Qd7
34. Ng4 1-0

[Event "CZECH OPEN 2011 "]
[Site "Pardubice (CZE)"]
[Date "2011.07.30"]
[Round "9.17"]
[White "Jaracz, Pawel"]
[Black "Geske, Julian"]
[Result "1/2-1/2"]
[WhiteElo "2575"]
[BlackElo "2337"]
[PlyCount "71"]
[EventDate "2011.07.22"]

1. c4 e5 2. g3 Nf6 3. Bg2 d5 4. cxd5 Nxd5 5. Nc3 Nb6 6. Nf3 Nc6 7. O-O Be7 8.
a3 a5 9. d3 O-O 10. Be3 Be6 11. Na4 Bd5 12. Rc1 Re8 13. Re1 Bf8 14. Nc3 Be6 15.
Na4 Bd5 16. Bc5 Nd4 17. Nxb6 cxb6 18. Bxd4 exd4 19. Qa4 Bc5 20. Nd2 Rc8 21.
Bxd5 Qxd5 22. Nf3 Qc6 23. Qxc6 Rxc6 24. Rc2 b5 25. Rec1 Rec8 26. Ne5 R6c7 27.
Nf3 Rc6 28. Ne5 R6c7 29. b4 Bd6 30. Rxc7 Rxc7 31. Rxc7 Bxc7 32. Nf3 axb4 33.
axb4 Bb6 34. Ne1 f5 35. Nc2 Kf7 36. Na3 1/2-1/2

[Event "CZECH OPEN 2011 "]
[Site "Pardubice (CZE)"]
[Date "2011.07.30"]
[Round "9.18"]
[White "Simantsev, Mikhail"]
[Black "Samolins, Vitalijs"]
[Result "1-0"]
[WhiteElo "2558"]
[BlackElo "2412"]
[PlyCount "63"]
[EventDate "2011.07.22"]

1. d4 f5 2. c4 Nf6 3. Nc3 g6 4. Nf3 Bg7 5. g3 d6 6. Bg2 c6 7. O-O O-O 8. Rb1
Qc7 9. d5 a5 10. b3 Na6 11. Bb2 e5 12. dxe6 Bxe6 13. Ng5 Bd7 14. Qd2 Rad8 15.
Rbd1 Bc8 16. Rfe1 Nc5 17. Qc2 h6 18. Nf3 Rfe8 19. Nd4 Nfe4 20. e3 Kh7 21. Nce2
Qb6 22. Nf4 Nf6 23. a3 Qc7 24. Ba1 Ne6 25. Nxf5 Nxf4 26. Nxg7 Qxg7 27. gxf4 Qf7
28. Qc3 Ne4 29. Qxa5 Bf5 30. f3 Nc5 31. Qc3 Be6 32. Rd4 1-0

[Event "CZECH OPEN 2011 "]
[Site "Pardubice (CZE)"]
[Date "2011.07.30"]
[Round "9.19"]
[White "Lintchevski, Daniil"]
[Black "Aguettaz, Maxime"]
[Result "1/2-1/2"]
[WhiteElo "2553"]
[BlackElo "2426"]
[PlyCount "45"]
[EventDate "2011.07.22"]

1. e4 c5 2. Nf3 e6 3. d4 cxd4 4. Nxd4 Nf6 5. Nc3 Nc6 6. Ndb5 d6 7. Bf4 e5 8.
Bg5 a6 9. Na3 b5 10. Nd5 Be7 11. Bxf6 Bxf6 12. c4 Nd4 13. cxb5 Be6 14. Nxf6+
Qxf6 15. Nc2 O-O 16. Nxd4 exd4 17. Bd3 axb5 18. O-O Rxa2 19. Rxa2 Bxa2 20. Bxb5
Rb8 21. Qa4 g6 22. b4 d5 23. Qxa2 1/2-1/2

[Event "CZECH OPEN 2011 "]
[Site "Pardubice (CZE)"]
[Date "2011.07.30"]
[Round "9.20"]
[White "Stella, Andrea"]
[Black "Chernyshov, Konstantin"]
[Result "1/2-1/2"]
[WhiteElo "2412"]
[BlackElo "2552"]
[PlyCount "93"]
[EventDate "2011.07.22"]

1. d4 f5 2. Nf3 Nf6 3. c4 e6 4. g3 b6 5. Bg2 Bb7 6. O-O Be7 7. Nc3 Ne4 8. Qc2
Nxc3 9. Qxc3 Bf6 10. Bf4 Be4 11. Be5 Nc6 12. Bxf6 Qxf6 13. Ne5 Bxg2 14. Kxg2
Ne7 15. Qf3 c6 16. a4 Rb8 17. b4 Ng6 18. Nxg6 hxg6 19. Qf4 Ke7 20. c5 Rb7 21.
a5 bxc5 22. dxc5 e5 23. Qc4 Qe6 24. Qc3 Qd5+ 25. f3 Qd4 26. Qc1 f4 27. Rd1
Rxh2+ 28. Kxh2 Qf2+ 29. Kh1 fxg3 30. Rxd7+ Rxd7 31. Qg1 Rd2 32. Qxf2 gxf2 33.
e4 Re2 34. Rf1 g5 35. Kg2 Rb2 36. Rd1 g4 37. fxg4 Rxb4 38. Rd6 Rxe4 39. Kxf2
Rf4+ 40. Ke3 Rf6 41. Rd2 Rh6 42. Kf3 a6 43. Rb2 Ke6 44. Rd2 Rf6+ 45. Ke3 g5 46.
Rd6+ Ke7 47. Rxf6 1/2-1/2

[Event "CZECH OPEN 2011 "]
[Site "Pardubice (CZE)"]
[Date "2011.07.30"]
[Round "9.24"]
[White "Sergienko, Sergey"]
[Black "Alonso Rosell, Alvar"]
[Result "0-1"]
[WhiteElo "2411"]
[BlackElo "2502"]
[PlyCount "106"]
[EventDate "2011.07.22"]

1. e4 c6 2. d4 d5 3. e5 Bf5 4. Nd2 e6 5. Nb3 Nd7 6. Nf3 a6 7. Be2 c5 8. dxc5
Bxc5 9. Nxc5 Nxc5 10. Nd4 Be4 11. O-O Ne7 12. Be3 Rc8 13. Qd2 O-O 14. f3 Bg6
15. Rac1 b5 16. Rfe1 Qc7 17. Bf1 Rfd8 18. Bf2 Qb7 19. c3 Rc7 20. Rcd1 Na4 21.
g4 Rdc8 22. h4 h6 23. a3 Kh8 24. h5 Bh7 25. Kh1 Rg8 26. Bh3 Nc6 27. Nxc6 Qxc6
28. Bd4 Nc5 29. Qe2 Nb3 30. Be3 Qc4 31. Qf2 Rd7 32. g5 d4 33. cxd4 hxg5 34. Rg1
Bc2 35. Bf1 Qc6 36. Re1 f6 37. Bg2 Qc4 38. Bf1 Bd3 39. Bxd3 Qxd3 40. Rd1 Qf5
41. Qg3 Rgd8 42. h6 gxh6 43. exf6 Nxd4 44. Bxd4 Rxd4 45. Rxd4 Rxd4 46. Qb8+ Kh7
47. Qc7+ Kg6 48. Qg7+ Kh5 49. Qf7+ Kh4 50. Rg4+ Rxg4 51. fxg4 Qf1+ 52. Kh2 Qf2+
53. Kh1 Kh3 0-1

[Event "CZECH OPEN 2011 "]
[Site "Pardubice (CZE)"]
[Date "2011.07.30"]
[Round "9.36"]
[White "Bodnaruk, Anastasia"]
[Black "Yuffa, Daniil"]
[Result "1/2-1/2"]
[WhiteElo "2431"]
[BlackElo "2302"]
[PlyCount "117"]
[EventDate "2011.07.22"]

1. e4 c5 2. Nf3 Nc6 3. d4 cxd4 4. Nxd4 Nf6 5. Nc3 d6 6. Bg5 a6 7. Qd2 Nxd4 8.
Qxd4 Qa5 9. Bd2 e5 10. Qd3 Be6 11. Be2 Qc7 12. O-O Be7 13. f4 b5 14. b3 exf4
15. Rxf4 Nd7 16. Nd5 Bxd5 17. Qxd5 Qc5+ 18. Qxc5 Nxc5 19. Rd1 Bf6 20. Bb4 O-O
21. c4 Be5 22. Rf5 f6 23. Bxc5 dxc5 24. Rd5 b4 25. Bd1 Rfd8 26. Rf3 Bd4+ 27.
Kf1 Kf7 28. Ke2 Ke7 29. Kd3 Be5 30. h4 a5 31. Bc2 Ke6 32. Ke2 Rac8 33. Kd3 g6
34. Ke2 h5 35. Rfd3 Rxd5 36. Rxd5 Bg3 37. e5 f5 38. Rd6+ Kf7 39. Rd7+ Kg8 40.
Rd6 Kg7 41. Rd7+ Kh6 42. Rd6 Re8 43. Bxf5 Rxe5+ 44. Kf3 Re3+ 45. Kxe3 Bxd6 46.
Bd7 Bg3 47. Kf3 Bxh4 48. g4 Kg5 49. gxh5 gxh5 50. Kg2 Kf4 51. Be8 Ke3 52. Bd7
Kd2 53. Be8 Kc3 54. Bd7 Kb2 55. Ba4 Kxa2 56. Kf3 Kb2 57. Kg2 Bf6 58. Kf3 Kc2
59. Kg2 1/2-1/2

[Event "CZECH OPEN 2011 "]
[Site "Pardubice (CZE)"]
[Date "2011.07.30"]
[Round "9.42"]
[White "Biriukov, Oleg V"]
[Black "De La Villa Garcia, Jesus Maria"]
[Result "1/2-1/2"]
[WhiteElo "2339"]
[BlackElo "2490"]
[PlyCount "64"]
[EventDate "2011.07.22"]

1. d4 Nf6 2. c4 e6 3. Nc3 Bb4 4. Qc2 O-O 5. a3 Bxc3+ 6. Qxc3 b6 7. Bg5 Ba6 8.
Qf3 Nc6 9. e3 Na5 10. Rc1 c5 11. d5 Rc8 12. h4 exd5 13. cxd5 Bxf1 14. Kxf1 Nb3
15. Rd1 Re8 16. Bxf6 Qxf6 17. Qxf6 gxf6 18. Ne2 Re5 19. Rh3 c4 20. g4 b5 21.
Nc3 Rc5 22. f4 Re8 23. e4 d6 24. Re3 Kf8 25. Kf2 a5 26. Kf3 b4 27. axb4 axb4
28. Na2 Rb5 29. Nc1 Na1 30. Na2 Nb3 31. Nc1 Na1 32. Na2 Nb3 1/2-1/2

[Event "CZECH OPEN 2011 "]
[Site "Pardubice (CZE)"]
[Date "2011.07.30"]
[Round "9.43"]
[White "Gundavaa, Bayarsaikhan"]
[Black "Belyakov, Bogdan"]
[Result "1-0"]
[WhiteElo "2480"]
[BlackElo "2367"]
[PlyCount "83"]
[EventDate "2011.07.22"]

1. d4 Nf6 2. c4 g6 3. Nc3 Bg7 4. e4 O-O 5. f3 c5 6. Nge2 cxd4 7. Nxd4 Nc6 8.
Nc2 d6 9. Be3 Bd7 10. Be2 Rc8 11. O-O a6 12. Qd2 Ne5 13. Na3 Be6 14. Nd5 Nxd5
15. exd5 Bd7 16. Rac1 Rb8 17. b4 b6 18. h3 Bc8 19. f4 Nd7 20. Nc2 Nf6 21. Bf3
Bb7 22. Nd4 Qc7 23. Rfd1 Rbe8 24. a4 Nd7 25. Qf2 e6 26. Nc6 a5 27. bxa5 bxa5
28. Qd2 exd5 29. cxd5 Bxc6 30. dxc6 Nf6 31. Bd4 Re6 32. Qb2 Rb8 33. Qxb8+ Qxb8
34. c7 Qc8 35. Bb7 Qxb7 36. c8=Q+ Qxc8 37. Rxc8+ Ne8 38. Ra8 h5 39. Rxa5 Re4
40. Bxg7 Kxg7 41. Ra7 Rxf4 42. Rf1 1-0

[Event "CZECH OPEN 2011 "]
[Site "Pardubice (CZE)"]
[Date "2011.07.30"]
[Round "9.45"]
[White "De Verdier, Michael"]
[Black "Simacek, Pavel"]
[Result "1-0"]
[WhiteElo "2359"]
[BlackElo "2470"]
[PlyCount "55"]
[EventDate "2011.07.22"]

1. Nf3 c5 2. c4 Nc6 3. Nc3 g6 4. g3 Bg7 5. Bg2 e5 6. O-O Nge7 7. a3 d6 8. b4
Be6 9. Ng5 Bxc4 10. d3 e4 11. Bb2 exd3 12. exd3 Be6 13. Nxe6 fxe6 14. Re1 Qd7
15. bxc5 dxc5 16. Bh3 Nf5 17. Ne4 Bxb2 18. Nxc5 Qd5 19. Nxe6 Kd7 20. Bg2 Qb5
21. Rb1 Rae8 22. Re2 Rxe6 23. Rexb2 Qa6 24. Rxb7+ Ke8 25. Qb3 Na5 26. Qc3 Nxb7
27. Rxb7 Qxb7 28. Qxh8+ 1-0

[Event "CZECH OPEN 2011 "]
[Site "Pardubice (CZE)"]
[Date "2011.07.30"]
[Round "9.46"]
[White "Bryzgalin, Kirill"]
[Black "Kachar, Vladimir"]
[Result "1/2-1/2"]
[WhiteElo "2469"]
[BlackElo "2328"]
[PlyCount "45"]
[EventDate "2011.07.22"]

1. d4 Nf6 2. c4 e6 3. Nc3 Bb4 4. Qc2 O-O 5. a3 Bxc3+ 6. Qxc3 b6 7. Bg5 Bb7 8.
Nf3 d6 9. Nd2 Nbd7 10. f3 h6 11. Bh4 c5 12. dxc5 bxc5 13. e3 Qb6 14. Be2 d5 15.
Bf2 a5 16. O-O Ba6 17. Rfc1 e5 18. Rab1 d4 19. Qc2 Rfe8 20. Bd3 Rac8 21. h3 Bb7
22. Re1 Qc7 23. Bf5 1/2-1/2

[Event "CZECH OPEN 2011 "]
[Site "Pardubice (CZE)"]
[Date "2011.07.30"]
[Round "9.47"]
[White "Boruchovsky, Avital"]
[Black "Llaneza Vega, Marcos"]
[Result "1-0"]
[WhiteElo "2297"]
[BlackElo "2465"]
[PlyCount "71"]
[EventDate "2011.07.22"]

1. e4 c6 2. Nc3 d5 3. Nf3 dxe4 4. Nxe4 Bg4 5. h3 Bh5 6. Ng3 Bxf3 7. Qxf3 Nf6 8.
c3 e6 9. d4 Nbd7 10. Bd3 Bd6 11. O-O O-O 12. b3 Re8 13. Bb2 Qa5 14. a3 e5 15.
Ne4 Nxe4 16. Qxe4 Nf6 17. Qf5 Qb6 18. b4 Qc7 19. Rfe1 a5 20. c4 e4 21. Bxe4
axb4 22. c5 Bh2+ 23. Kh1 bxa3 24. Rxa3 Rxa3 25. Bxa3 Qa5 26. Re3 Bc7 27. g3 h6
28. Kg2 Kf8 29. Bb2 Qd2 30. Bc3 Qc1 31. Bb4 Qc4 32. Bd2 Bd8 33. Bf3 Qxd4 34.
Bc3 Qc4 35. Bxf6 Rxe3 36. Bxd8 1-0

[Event "CZECH OPEN 2011 "]
[Site "Pardubice (CZE)"]
[Date "2011.07.30"]
[Round "9.52"]
[White "Havlikova, Kristyna"]
[Black "Mishuchkov, Nikolai"]
[Result "1/2-1/2"]
[WhiteElo "2280"]
[BlackElo "2415"]
[PlyCount "24"]
[EventDate "2011.07.22"]

1. e4 c5 2. Nf3 e6 3. d4 cxd4 4. Nxd4 a6 5. Bd3 Bc5 6. Nb3 Be7 7. Qg4 g6 8. Qe2
d6 9. Na3 Nd7 10. Nc4 Qc7 11. a4 b6 12. O-O Bb7 1/2-1/2

[Event "CZECH OPEN 2011 "]
[Site "Pardubice (CZE)"]
[Date "2011.07.30"]
[Round "9.53"]
[White "Zpevak, Pavel"]
[Black "Saiyn, Zhanat"]
[Result "1-0"]
[WhiteElo "2409"]
[BlackElo "2077"]
[PlyCount "101"]
[EventDate "2011.07.22"]

1. d4 d5 2. Nf3 Nf6 3. c4 c6 4. e3 e6 5. Nbd2 Nbd7 6. Bd3 Bd6 7. O-O O-O 8. e4
dxe4 9. Nxe4 Nxe4 10. Bxe4 Nf6 11. Bc2 h6 12. b3 b6 13. Bb2 Bb7 14. Qd3 Re8 15.
Rfe1 Qe7 16. Rad1 Bb4 17. Re3 Rad8 18. Ne5 c5 19. d5 exd5 20. Nc6 Qxe3 21. fxe3
Bxc6 22. Bxf6 gxf6 23. Qh7+ Kf8 24. Qxh6+ Ke7 25. Qf4 Rd6 26. cxd5 Bb5 27. Qf3
Bc3 28. h4 Rh8 29. h5 Be5 30. g4 Rdd8 31. Kf2 Kd6 32. Bf5 a5 33. a4 Ba6 34. Rh1
Rh6 35. Qd1 Rg8 36. Qd2 Rg5 37. Qc2 Rg8 38. Rc1 Rhh8 39. b4 axb4 40. a5 Bb5 41.
axb6 c4 42. Qd2 Kc5 43. b7 Rb8 44. d6 b3 45. d7 Rhd8 46. Qa5 b2 47. Rd1 c3 48.
Bb1 Rxb7 49. Qxd8 Bxd7 50. Rxd7 c2 51. Qc8+ 1-0

[Event "CZECH OPEN 2011 "]
[Site "Pardubice (CZE)"]
[Date "2011.07.30"]
[Round "9.54"]
[White "Meissner, Felix"]
[Black "Antipov, Mikhail Al"]
[Result "1-0"]
[WhiteElo "2268"]
[BlackElo "2407"]
[PlyCount "73"]
[EventDate "2011.07.22"]

1. e4 c5 2. Nf3 d6 3. Bc4 Nc6 4. O-O g6 5. h3 Bg7 6. c3 e5 7. d3 Nf6 8. Re1 O-O
9. Bb3 h6 10. Be3 Qc7 11. Nbd2 b6 12. Nf1 Bb7 13. Ng3 Na5 14. Bc2 d5 15. b4
dxe4 16. Nxe4 Nxe4 17. dxe4 Nc4 18. b5 Nxe3 19. Rxe3 a6 20. bxa6 Rxa6 21. Qe2
c4 22. Nd2 b5 23. a4 h5 24. Rb1 Bh6 25. Rxb5 Bxe3 26. Qxe3 Rc6 27. Nf3 Kg7 28.
Nxe5 Re6 29. f4 Ba6 30. Rc5 Qb7 31. Qd4 Kg8 32. f5 gxf5 33. exf5 Rh6 34. Qe3
Qb6 35. Nd7 Qd6 36. Qg5+ Kh8 37. f6 1-0

[Event "CZECH OPEN 2011 "]
[Site "Pardubice (CZE)"]
[Date "2011.07.30"]
[Round "9.56"]
[White "Steinberg, Nitzan"]
[Black "Sabol, Marian"]
[Result "1-0"]
[WhiteElo "2259"]
[BlackElo "2372"]
[PlyCount "97"]
[EventDate "2011.07.22"]

1. e4 c6 2. d4 d5 3. e5 Bf5 4. Nf3 e6 5. Be2 c5 6. Be3 Nc6 7. c4 cxd4 8. Nxd4
Bxb1 9. Rxb1 Bb4+ 10. Kf1 Nge7 11. Nxc6 bxc6 12. Qa4 Qa5 13. Qxa5 Bxa5 14. b4
Bc7 15. f4 dxc4 16. Bxc4 Bb6 17. Ke2 Nd5 18. Bd2 f6 19. exf6 gxf6 20. Rhc1 Kd7
21. Ba6 Rab8 22. Kf3 e5 23. f5 Bd4 24. a4 Kd6 25. Bc4 h5 26. b5 c5 27. a5 Rh7
28. Rb3 Rg7 29. g3 Re7 30. Re1 Reb7 31. Ke4 Rg7 32. h3 Nb4 33. Re2 Re8 34. Rg2
Rd8 35. Rb1 Rb8 36. Rb3 Rd8 37. Be1 Kc7 38. Rd2 Rgd7 39. Rb1 Nd5 40. Rd3 Nb4
41. Rdd1 Kb7 42. Be6 Rg7 43. Rbc1 Kb8 44. Rxc5 Bxc5 45. Rxd8+ Kb7 46. Rc8 Rc7
47. Rg8 Rh7 48. Bd2 Bd6 49. Be3 1-0

[Event "CZECH OPEN 2011 "]
[Site "Pardubice (CZE)"]
[Date "2011.07.30"]
[Round "9.57"]
[White "Goryachkina, Aleksandra"]
[Black "Vokac, Marek"]
[Result "1/2-1/2"]
[WhiteElo "2153"]
[BlackElo "2499"]
[PlyCount "111"]
[EventDate "2011.07.22"]

1. d4 g6 2. c4 Bg7 3. e4 d6 4. Nc3 Nf6 5. Nf3 O-O 6. Be2 c5 7. d5 e6 8. O-O
exd5 9. cxd5 Re8 10. Nd2 Nbd7 11. Qc2 Nh5 12. Bxh5 gxh5 13. Nc4 Ne5 14. Nxe5
Bxe5 15. Ne2 Qh4 16. f4 Bg7 17. Bd2 Qe7 18. Bc3 Qxe4 19. Qxe4 Rxe4 20. Ng3 Re3
21. Bxg7 Kxg7 22. Nxh5+ Kg6 23. Ng3 Bf5 24. Rae1 Rae8 25. Rxe3 Rxe3 26. Kf2 Rd3
27. Re1 Rxd5 28. Nxf5 Rxf5 29. Kf3 Kf6 30. g4 Rd5 31. g5+ Kg6 32. Re7 Rd3+ 33.
Kg4 f5+ 34. gxf6 h5+ 35. Kh4 Rf3 36. Rxb7 Rxf4+ 37. Kg3 Rg4+ 38. Kf3 Kxf6 39.
Rxa7 Rd4 40. Rb7 Rd3+ 41. Ke4 Rd2 42. h3 Ke6 43. Kf4 Rd3 44. h4 Kf6 45. Rh7
Rd4+ 46. Kg3 Kg6 47. Rd7 Kf5 48. Rf7+ Ke5 49. Re7+ Kd5 50. Rh7 Rd2 51. Rxh5+
Kc6 52. Rf5 Rxb2 53. Rf2 Rb8 54. h5 c4 55. Kf3 Kc5 56. h6 1/2-1/2

[Event "CZECH OPEN 2011 "]
[Site "Pardubice (CZE)"]
[Date "2011.07.30"]
[Round "9.58"]
[White "Taddei, Benoit"]
[Black "Vila Gazquez, Xavier"]
[Result "1-0"]
[WhiteElo "2288"]
[BlackElo "2487"]
[PlyCount "59"]
[EventDate "2011.07.22"]

1. e4 c6 2. d4 d5 3. e5 Bf5 4. Nf3 e6 5. Be2 c5 6. Be3 Qb6 7. Nc3 Nc6 8. O-O c4
9. Rb1 Bb4 10. Nh4 Nge7 11. g4 Bg6 12. f4 f5 13. exf6 gxf6 14. f5 exf5 15. gxf5
Bf7 16. Bh5 Rf8 17. Bxf7+ Rxf7 18. Qh5 Nd8 19. Ng2 Bd6 20. Kh1 Kd7 21. Rfe1 Rg7
22. Qh6 Rf7 23. Qh5 Rg7 24. Bh6 Rg8 25. Bf4 Rxg2 26. Kxg2 Ndc6 27. Bxd6 Kxd6
28. Qf7 Qd8 29. Nb5+ Kd7 30. Qe6+ 1-0

[Event "CZECH OPEN 2011 "]
[Site "Pardubice (CZE)"]
[Date "2011.07.30"]
[Round "9.60"]
[White "Racz, Zoltan"]
[Black "Kanovsky, David"]
[Result "1/2-1/2"]
[WhiteElo "2271"]
[BlackElo "2478"]
[PlyCount "24"]
[EventDate "2011.07.22"]

1. e4 c5 2. Nf3 e6 3. d4 cxd4 4. Nxd4 a6 5. Nc3 Qc7 6. Bd3 Nf6 7. O-O d6 8. Qe2
Nbd7 9. Kh1 Be7 10. f4 b5 11. a3 Bb7 12. Bd2 Rc8 1/2-1/2

[Event "CZECH OPEN 2011 "]
[Site "Pardubice (CZE)"]
[Date "2011.07.30"]
[Round "9.63"]
[White "Lorscheid, Gerhard"]
[Black "Potapov, Alexander"]
[Result "0-1"]
[WhiteElo "2265"]
[BlackElo "2418"]
[PlyCount "90"]
[EventDate "2011.07.22"]

1. d4 Nf6 2. c4 c5 3. d5 b5 4. cxb5 a6 5. bxa6 Bxa6 6. Nc3 d6 7. Nf3 g6 8. g3
Bg7 9. Bg2 O-O 10. O-O Qa5 11. Bd2 Nbd7 12. Rb1 Rfb8 13. b3 Bb7 14. Qc2 Qa3 15.
Nb5 Qxa2 16. Rb2 Qa6 17. Nc7 Qa7 18. Nxa8 Bxd5 19. Bc3 Qxa8 20. Nh4 Nb6 21. Ra2
Qb7 22. Rfa1 Bxg2 23. Nxg2 Nbd5 24. Bd2 h5 25. e4 Nc7 26. e5 Ng4 27. Ra7 Qc6
28. exd6 exd6 29. R1a2 Nb5 30. R7a6 Qf3 31. Be1 Nd4 32. Qc4 Re8 33. Rxd6 Qd1
34. Qd5 Nf3+ 35. Kh1 Rxe1+ 36. Nxe1 Qxe1+ 37. Kg2 Nge5 38. Qa8+ Kh7 39. Ra1 Qe2
40. Rdd1 h4 41. h3 hxg3 42. Kxg3 Bf6 43. Rf1 Nd2 44. Rfe1 Bh4+ 45. Kf4 Nd3# 0-1

[Event "CZECH OPEN 2011 "]
[Site "Pardubice (CZE)"]
[Date "2011.07.30"]
[Round "9.74"]
[White "Kersten, Uwe"]
[Black "Gruenter, Martin"]
[Result "1/2-1/2"]
[WhiteElo "2314"]
[BlackElo "2241"]
[PlyCount "31"]
[EventDate "2011.07.22"]

1. d4 Nf6 2. Nf3 e6 3. e3 c5 4. Bd3 b6 5. O-O Bb7 6. c4 cxd4 7. exd4 Bd6 8. Nc3
Be7 9. d5 e5 10. Ng5 h6 11. Nge4 O-O 12. Nxf6+ Bxf6 13. Qh5 Re8 14. Ne4 Na6 15.
Be3 Nc5 16. Bxc5 1/2-1/2

[Event "CZECH OPEN 2011 "]
[Site "Pardubice (CZE)"]
[Date "2011.07.30"]
[Round "9.94"]
[White "Aliev, Rasim"]
[Black "Pribyl, Josef"]
[Result "1/2-1/2"]
[WhiteElo "2211"]
[BlackElo "2328"]
[PlyCount "32"]
[EventDate "2011.07.22"]

1. Nf3 Nf6 2. g3 d5 3. Bg2 c6 4. d3 Bf5 5. O-O e6 6. Nbd2 h6 7. b3 Nbd7 8. Bb2
a5 9. a4 Bh7 10. Re1 Bc5 11. e4 dxe4 12. Nxe4 Nxe4 13. dxe4 O-O 14. Ne5 Nxe5
15. Bxe5 Qe7 16. Qe2 Rfd8 1/2-1/2

[Event "CZECH OPEN 2011 "]
[Site "Pardubice (CZE)"]
[Date "2011.07.30"]
[Round "9.95"]
[White "Palecek, Peter"]
[Black "Bruedigam, Martin"]
[Result "1/2-1/2"]
[WhiteElo "2230"]
[BlackElo "2322"]
[PlyCount "54"]
[EventDate "2011.07.22"]

1. e4 e5 2. Nf3 Nc6 3. Bb5 a6 4. Ba4 Nf6 5. O-O Be7 6. Re1 b5 7. Bb3 O-O 8. d4
Nxd4 9. Nxd4 exd4 10. e5 Ne8 11. c3 dxc3 12. Nxc3 d6 13. Qf3 Be6 14. Bf4 dxe5
15. Rad1 Bd6 16. Bxe5 Bxb3 17. axb3 Nf6 18. Bxd6 cxd6 19. Qc6 Qa5 20. Qxd6 Rad8
21. b4 Rxd6 22. bxa5 Rfd8 23. Rxd6 Rxd6 24. Kf1 Kf8 25. g3 Rc6 26. Re2 b4 27.
Ne4 Nd7 1/2-1/2

[Event "CZECH OPEN 2011 "]
[Site "Pardubice (CZE)"]
[Date "2011.07.30"]
[Round "9.98"]
[White "Tuma, Jiri"]
[Black "Schueler, Hendrik"]
[Result "1/2-1/2"]
[WhiteElo "2304"]
[BlackElo "2216"]
[PlyCount "44"]
[EventDate "2011.07.22"]

1. e4 e6 2. d4 d5 3. e5 c5 4. c3 Nc6 5. Nf3 Bd7 6. a3 c4 7. Be2 Na5 8. Nbd2 Bc6
9. O-O Qd7 10. Ng5 h6 11. Nh3 Ba4 12. Qe1 Bc2 13. Nf4 Ne7 14. Nh5 O-O-O 15. f4
Qa4 16. Bg4 g6 17. Nf6 Bg7 18. Be2 Bxf6 19. exf6 Nf5 20. g4 Ne3 21. Rf2 h5 22.
g5 Nf5 1/2-1/2

[Event "CZECH OPEN 2011 "]
[Site "Pardubice (CZE)"]
[Date "2011.07.30"]
[Round "9.16"]
[White "Schmidt-Schaeffer, Sebastian"]
[Black "Stupak, Kirill"]
[Result "0-1"]
[WhiteElo "2385"]
[BlackElo "2530"]
[PlyCount "122"]
[EventDate "2011.07.22"]

1. d4 Nf6 2. c4 e6 3. Nc3 Bb4 4. Qc2 O-O 5. a3 Bxc3+ 6. Qxc3 b6 7. Nf3 Bb7 8.
e3 d5 9. b3 Nbd7 10. Be2 c5 11. O-O Rc8 12. Bb2 cxd4 13. exd4 Ba6 14. Qb4 Nb8
15. Rac1 Ne4 16. Bd3 Nd6 17. Rfd1 dxc4 18. bxc4 Nc6 19. Qc3 Qf6 20. Ne5 Qh6 21.
c5 Bb7 22. d5 Nb8 23. Ng4 Qg5 24. Bxh7+ Kxh7 25. Qh3+ Kg8 26. cxd6 Bxd5 27. Rc7
Be4 28. Qg3 Bf5 29. Ne3 Qxg3 30. hxg3 Be4 31. Rd4 Bg6 32. Nc4 Nc6 33. Rxc8 Rxc8
34. d7 Rd8 35. Rd6 Nb8 36. Ne5 Be4 37. a4 Bd5 38. a5 f6 39. Ng6 Rxd7 40. Rxd7
Nxd7 41. axb6 Nxb6 42. g4 Kf7 43. Nf4 Bc4 44. f3 a5 45. Kf2 e5 46. Nh5 Bd3 47.
Ng3 Nc4 48. Bc3 a4 49. Ne2 Bxe2 50. Kxe2 Ke6 51. Kd3 Kd5 52. g3 Nd6 53. Ba1 e4+
54. Ke3 Nc4+ 55. Ke2 Ne5 56. fxe4+ Kxe4 57. g5 fxg5 58. Bb2 g6 59. Bc1 g4 60.
Bb2 Nc4 61. Be5 Nxe5 0-1

[Event "CZECH OPEN 2011 "]
[Site "Pardubice (CZE)"]
[Date "2011.07.30"]
[Round "9.25"]
[White "Gutman, Gennadi"]
[Black "Biolek, Richard Jr"]
[Result "1/2-1/2"]
[WhiteElo "2501"]
[BlackElo "2409"]
[PlyCount "45"]
[EventDate "2011.07.22"]

1. d4 Nc6 2. Nf3 d5 3. c4 Bg4 4. Nc3 e6 5. cxd5 exd5 6. Bf4 Bb4 7. e3 Nge7 8.
Be2 O-O 9. O-O Ng6 10. Bg3 f5 11. Rc1 Bxc3 12. Rxc3 f4 13. exf4 Nxf4 14. Bb5
Ne7 15. Re1 Neg6 16. Qb3 c6 17. Bf1 Qb6 18. Rce3 Qxb3 19. Rxb3 Bxf3 20. Rxf3
Nh3+ 21. Kh1 Rxf3 22. gxf3 Nhf4 23. b4 1/2-1/2